| 000 | 01690 a2200205 4500 | ||
|---|---|---|---|
| 001 | 31183 | ||
| 005 | 20260407155618.0 | ||
| 008 | 260407a1962 arg spa d | ||
| 003 | AR-UNSa-BCEJYS | ||
| 040 |
_aAR-UNSa-BCEJYS _bspa _cAR-UNSa-BCEJYS |
||
| 080 |
_a351.72 _xFinanzas públicas. Legislación (Contabilidad Pública, Administración financiera...) |
||
| 245 | 1 | 0 |
_aRégimen legal de la contabilidad pública nacional _pConcordancias y comentario de la legislación vigente sobre la materia |
| 264 | 1 |
_aBuenos Aires : _bERGON _c1962 |
|
| 300 |
_a250 p. _c23 cm. |
||
| 505 | _a1. Del presupuesto general (arts. 1 a 18) - 2. De la ejecución del presupuesto (arts. 19 a 26) - 3. De la cuenta general del ejercicio (arts. 37 a 40) - 4. Del servicio del tesoro (arts. 41 a 50) - 5. De la gestón de los bienes del estado (arts. 51 a 54) - 6. De las contrataciones (arts. 55 a 64) - 7. Del registro de las operaciones (arts. 65 a 71) - 8. De la contaduría General de la Nación y de los servicios de contabilidad (arts. 72 a 77) - 9. Del Tribunal de Cuentas de la Nación (arts. 78 a 89) - 10. De los responsables (arts. 90 a 97) - 11. De las cuentas de los responsables (arts. 98 a 102) - 12. Del juicio de cuentas (arts. 103 a 115) - 13. De juicio administrativo de responsabilidades (arts. 116 a 120) - 14. De la ejecución de las resoluciones condenatorias del Tribunal de Cuentas (arts. 130 a 135) - 15. de las entidades descentralizadas y haciendas para-estatales (arts. 136 a 138) - 16. Disposiciones complementarias y transitorias (arts. 139 a 153) | ||
| 942 | _cBK | ||
| 590 | _aniveau_biblio:m niveau_hierar:0 | ||
| 100 | 1 | _aAtchabahian, Adolfo | |
| 700 | 1 | _aMassier, Guillermo | |
| 999 |
_c2162 _d2162 |
||